Szczegóły MARC21

Nowa ordynacja podatkowa : z prac Komisji Kodyfikacyjnej Ogólnego Prawa Podatkowego /

003 -Nazwa inst., której nr kontr. jest w polu 001 [,]
    • @
    • Nazwa instytucji, której n kontrolny jest w polu 001
    • NUKAT
005 -DATA I CZAS OSTATNIEJ MODYFIKACJI [,]
    • @
    • pole kontrolne
    • 20241231100804.0
020 -Międzynarod. znormalizowany nr książki - ISBN [ , ]
    • a
    • Numer ISBN
    • 9788362813957 Find
040 -Instytucja sporządzająca opis [ , ]
    • a
    • Instytucja, która sporządziła opis (NP)
    • BSTOK U/MK
    • b
    • Język katalogowania
    • pol
    • e
    • Zasady katalogowania
    • rda
    • c
    • Instytucja, która sporządziła rekord (NP)
    • BSTOK U/MK
    • d
    • Instytucja, która zmodyfikowała rekord (P)
    • BSTOK U/KP
041 -Język dokumentu [0, ]
    • a
    • Język tekstu (P)
    • polski
    • b
    • Język streszczeń lub abstraktu (P)
    • angielski
942 -Rodzaj dokumentu [ , ]
    • c
    • Rodzaj dokumentu
    • Książka
100 -Hasło główne - nazwa osobowa [1, ]
    • a
    • Nazwa osobowa (NP)
    • Etel, Leonard
    • d
    • Daty biograficzne (NP)
    • (1960- ).
    • e
    • Rodzaj współpracy
    • Autor
    • 9
    • KHW
    • 45303
245 -Strefa tytułu i oznaczenia odpowiedzialności [1,0]
    • a
    • Tytuł
    • Nowa ordynacja podatkowa : Find
    • b
    • Ciąg dalszy tytułu (NP)
    • z prac Komisji Kodyfikacyjnej Ogólnego Prawa Podatkowego / Find
    • c
    • Pozostałe elementy strefy tytułu i oznaczenia odpowiedzialności (NP)
    • Leonard Etel, Stefan Babiarz, Rafał Dowgier, Hanna Filipczyk, Włodzimierz Gurba, Ireneusz Krawczyk, Wiesław Kuśnierz, Marcin Łoboda, Andrzej Nikończyk, Adam Nita, Bożena Ogrodowczyk, Agnieszka Olesińska, Piotr Pietrasz, Mariusz Popławski, Jan Rudowski, Dariusz Strzelec, Grzegorz Taborski, Artur Zajączkowski.
260 -Strefa adresu wydawniczego [ , ]
    • a
    • Miejsce wydania (P)
    • Białystok :
    • b
    • Nazwa wydawcy (P)
    • Temida 2,
    • c
    • Data wydania (P)
    • 2017.
300 -Strefa opisu fizycznego [ , ]
    • a
    • Określenie formy książki i/lub objętość (NP)
    • 832 strony ;
    • c
    • Format (NP)
    • 24 cm.
336 -Typ zawartości [ , ]
    • a
    • Termin opisujący typ zawartości
    • Tekst
    • b
    • Kod określający zawartość
    • txt
    • 2
    • Źródło (terminu i kodu)
    • rdacontent
337 -Typ mediów [ , ]
    • a
    • Tryb odtwarzania
    • Bez urządzenia pośredniczącego
    • b
    • Kod typu mediów
    • n
    • 2
    • Źródło (terminu i kodu)
    • rdamedia
338 -Typ/rodzaj nośnika [ , ]
    • a
    • Hasło opisujące typ nośnika
    • Wolumin
    • b
    • Kod typu nośnika
    • nc
    • 2
    • Źródło (terminu i kodu)
    • rdacarrier
504 -Uwaga dot. bibliogr. załącznikowej [ , ]
    • a
    • Uwaga dot. bibliografii załącznikowej
    • Bibliografia na stronach 775-791.
530 -Uwaga dot. innej postaci fizycznej dokumentu [ , ]
    • a
    • Uwaga dot. innej postaci fizycznej dokumentu
    • Dostępne również w formie elektronicznej.
546 -Uwaga dot. języka [ , ]
    • a
    • Uwaga dot. języka
    • Wstęp, spis treści i streszczenie rozdziałów w języku angielskim.
650 -Hasło przedmiotowe [ ,7]
    • a
    • Hasło przedmiotowe
    • Prawo podatkowe
    • x
    • Określnik rzeczowy
    • interpretacja
    • z
    • Określnik geograficzny
    • Polska.
    • 2
    • Źródło terminu
    • kaba
    • 9
    • KHW
    • 352458
650 -Hasło przedmiotowe [ ,7]
    • a
    • Hasło przedmiotowe
    • Prawo podatkowe
    • z
    • Określnik geograficzny
    • Polska
    • v
    • Określnik formalny
    • legislacja.
    • 2
    • Źródło terminu
    • kaba
    • 9
    • KHW
    • 351235
650 -Hasło przedmiotowe [ ,7]
    • a
    • Hasło przedmiotowe
    • Postępowanie w sprawach podatkowych
    • x
    • Określnik rzeczowy
    • interpretacja
    • z
    • Określnik geograficzny
    • Polska.
    • 2
    • Źródło terminu
    • kaba
    • 9
    • KHW
    • 372679
650 -Hasło przedmiotowe [ ,7]
    • a
    • Hasło przedmiotowe
    • Postępowanie w sprawach podatkowych
    • z
    • Określnik geograficzny
    • Polska
    • v
    • Określnik formalny
    • legislacja.
    • 2
    • Źródło terminu
    • kaba
    • 9
    • KHW
    • 372680
700 -Hasło dodatkowe - nazwa osobowa [1, ]
    • a
    • Nazwa osobowa (NP)
    • Babiarz, Stefan. Find
    • e
    • Określenie rodzaju współpracy
    • Autor
    • 9
    • KHW
    • 912
700 -Hasło dodatkowe - nazwa osobowa [1, ]
    • a
    • Nazwa osobowa (NP)
    • Dowgier, Rafał. Find
    • e
    • Określenie rodzaju współpracy
    • Autor
    • 9
    • KHW
    • 776
700 -Hasło dodatkowe - nazwa osobowa [1, ]
    • a
    • Nazwa osobowa (NP)
    • Filipczyk, Hanna. Find
    • e
    • Określenie rodzaju współpracy
    • Autor
    • 9
    • KHW
    • 25800
700 -Hasło dodatkowe - nazwa osobowa [1, ]
    • a
    • Nazwa osobowa (NP)
    • Gurba, Włodzimierz. Find
    • e
    • Określenie rodzaju współpracy
    • Autor
    • 9
    • KHW
    • 91463
700 -Hasło dodatkowe - nazwa osobowa [1, ]
    • a
    • Nazwa osobowa (NP)
    • Krawczyk, Ireneusz Find
    • c
    • Dopowiedzenie inne niż daty biograficzne (NP)
    • (prawnik).
    • e
    • Określenie rodzaju współpracy
    • Autor
    • 9
    • KHW
    • 85753
700 -Hasło dodatkowe - nazwa osobowa [1, ]
    • a
    • Nazwa osobowa (NP)
    • Kuśnierz, Wiesław. Find
    • e
    • Określenie rodzaju współpracy
    • Autor
    • 9
    • KHW
    • 91464
700 -Hasło dodatkowe - nazwa osobowa [1, ]
    • a
    • Nazwa osobowa (NP)
    • Łoboda, Marcin. Find
    • e
    • Określenie rodzaju współpracy
    • Autor
    • 9
    • KHW
    • 91465
700 -Hasło dodatkowe - nazwa osobowa [1, ]
    • a
    • Nazwa osobowa (NP)
    • Nikończyk, Andrzej. Find
    • e
    • Określenie rodzaju współpracy
    • Autor
    • 9
    • KHW
    • 91462
700 -Hasło dodatkowe - nazwa osobowa [1, ]
    • a
    • Nazwa osobowa (NP)
    • Nita, Adam Find
    • c
    • Dopowiedzenie inne niż daty biograficzne (NP)
    • (prawnik).
    • e
    • Określenie rodzaju współpracy
    • Autor
    • 9
    • KHW
    • 82292
700 -Hasło dodatkowe - nazwa osobowa [1, ]
    • a
    • Nazwa osobowa (NP)
    • Ogrodowczyk, Bożena. Find
    • e
    • Określenie rodzaju współpracy
    • Autor
    • 9
    • KHW
    • 456575
700 -Hasło dodatkowe - nazwa osobowa [1, ]
    • a
    • Nazwa osobowa (NP)
    • Olesińska, Agnieszka Find
    • d
    • Daty biograficzne (NP)
    • (1968- ).
    • e
    • Określenie rodzaju współpracy
    • Autor
    • 9
    • KHW
    • 51755
700 -Hasło dodatkowe - nazwa osobowa [1, ]
    • a
    • Nazwa osobowa (NP)
    • Pietrasz, Piotr. Find
    • e
    • Określenie rodzaju współpracy
    • Autor
    • 9
    • KHW
    • 18707
700 -Hasło dodatkowe - nazwa osobowa [1, ]
    • a
    • Nazwa osobowa (NP)
    • Popławski, Mariusz Find
    • c
    • Dopowiedzenie inne niż daty biograficzne (NP)
    • (prawo).
    • e
    • Określenie rodzaju współpracy
    • Autor
    • 9
    • KHW
    • 775
700 -Hasło dodatkowe - nazwa osobowa [1, ]
    • a
    • Nazwa osobowa (NP)
    • Rudowski, Jan Find
    • c
    • Dopowiedzenie inne niż daty biograficzne (NP)
    • (prawo).
    • e
    • Określenie rodzaju współpracy
    • Autor
    • 9
    • KHW
    • 91466
700 -Hasło dodatkowe - nazwa osobowa [1, ]
    • a
    • Nazwa osobowa (NP)
    • Strzelec, Dariusz. Find
    • e
    • Określenie rodzaju współpracy
    • Autor
    • 9
    • KHW
    • 1496
700 -Hasło dodatkowe - nazwa osobowa [1, ]
    • a
    • Nazwa osobowa (NP)
    • Taborski, Grzegorz. Find
    • e
    • Określenie rodzaju współpracy
    • Autor
    • 9
    • KHW
    • 456576
700 -Hasło dodatkowe - nazwa osobowa [1, ]
    • a
    • Nazwa osobowa (NP)
    • Zajączkowski, Artur. Find
    • e
    • Określenie rodzaju współpracy
    • Autor
    • 9
    • KHW
    • 456577
710 -Hasło dodatkowe - nazwa ciała zbiorowego [2, ]
    • a
    • Nazwa ciała zbiorowego lub nazwa geograficzna jako pierwszy element (NP)
    • Uniwersytet (Białystok).
    • b
    • Nazwa jednostki podrzędnej (P)
    • Stowarzyszenie Absolwentów Wydziału Prawa.
    • b
    • Nazwa jednostki podrzędnej (P)
    • Wydawnictwo Temida 2.
    • e
    • Rodzaj współpracy
    • Wydawca
    • 4
    • Kod relacji
    • pbl
    • 9
    • KHW
    • 53979
856 -Dostęp do wersji elektronicznej [4,1]
920 -ISBN [ , ]
    • a
    • ISBN
    • 978-83-62813-95-7 Find
Lokalizacja Data inwentaryzacji Status udost. Numer inwentarzowy Sygnatura
BSA2018-07-041SA.24466SA.24466